Statistics for US Embassies

Click here to take the quiz!

General Stats

  • This quiz has been taken 206 times
    (198 since last reset)
  • The average score is 136 of 169

Answer Stats

Answer% Correct
United Kingdom
94%
Brazil
93%
Canada
92%
France
91%
Israel
91%
China
91%
Algeria
90%
Mexico
90%
Ireland
90%
Russia
90%
Argentina
89%
Chile
89%
Paraguay
89%
Peru
89%
India
89%
Egypt
89%
Iraq
89%
Australia
89%
Uruguay
88%
Portugal
88%
South Korea
88%
Guyana
88%
Colombia
88%
Sweden
88%
Japan
87%
Yemen
87%
Estonia
87%
Germany
87%
Spain
87%
Panama
87%
Latvia
87%
Suriname
87%
Morocco
87%
Democratic Republic of the Congo
87%
Republic of the Congo
86%
Oman
86%
Norway
86%
Italy
86%
Honduras
86%
Finland
85%
Pakistan
85%
Vietnam
85%
Iceland
85%
Lithuania
84%
Kenya
84%
South Africa
84%
United Arab Emirates
84%
Guatemala
84%
Switzerland
84%
Angola
84%
Albania
84%
Bahamas
84%
Ethiopia
84%
Belgium
84%
Venezuela
84%
Indonesia
84%
New Zealand
84%
Greece
84%
Niger
83%
Bolivia
83%
Jordan
83%
Afghanistan
83%
Laos
83%
Ecuador
83%
Nigeria
83%
Hungary
83%
Cambodia
83%
Saudi Arabia
83%
Nicaragua
83%
Turkey
83%
Romania
83%
Austria
83%
Belarus
83%
Denmark
83%
Sudan
83%
Qatar
82%
Chad
82%
Thailand
82%
Fiji
82%
Bulgaria
82%
Turkmenistan
82%
Poland
82%
Libya
82%
Jamaica
82%
Armenia
82%
Dominican Republic
82%
Costa Rica
82%
Belize
82%
Zimbabwe
82%
Ukraine
82%
Mozambique
81%
Guinea
81%
Haiti
81%
Slovenia
81%
Nepal
81%
Bosnia and Herzegovina
81%
Slovakia
81%
Kuwait
81%
Croatia
81%
Tunisia
81%
Netherlands
81%
Azerbaijan
81%
Bahrain
81%
Tanzania
80%
South Sudan
80%
Rwanda
80%
Mali
80%
Uzbekistan
80%
Malaysia
80%
Liberia
80%
Eritrea
80%
Zambia
79%
Kazakhstan
79%
Botswana
79%
Bangladesh
79%
Senegal
79%
El Salvador
78%
Luxembourg
78%
Lebanon
78%
Barbados
78%
Mauritania
78%
Czech Republic
78%
Serbia
78%
Macedonia
78%
Mongolia
77%
Georgia
77%
Ghana
77%
Gambia
77%
Uganda
77%
Togo
76%
Namibia
76%
Moldova
76%
Montenegro
76%
Lesotho
76%
Malta
75%
Benin
75%
Singapore
75%
Antigua and Barbuda
75%
Djibouti
75%
Madagascar
75%
Cameroon
75%
Equatorial Guinea
74%
Cyprus
74%
Burundi
73%
Philippines
73%
Sierra Leone
72%
Kosovo
72%
Central African Republic
72%
Swaziland
71%
Sri Lanka
71%
Samoa
70%
Brunei
70%
Gabon
69%
Tajikistan
69%
Kyrgyzstan
69%
Grenada
69%
Côte d'Ivoire
69%
Malawi
68%
Mauritius
66%
Papua New Guinea
66%
Burkina Faso
63%
Trinidad and Tobago
63%
Timor-Leste
63%
Cape Verde
63%
Holy See
62%
Federated States of Micronesia
61%
Palau
59%
Burma
59%
Marshall Islands
58%

Score Distribution

Percentile by Number Answered

Percent of People with Each Score

Your Score History

You have not taken this quiz since the last reset